|
|
|
|
| LEADER |
00000nas a2200000 i 4500 |
| 001 |
ssj0014777 |
| 003 |
WaSeSS |
| 005 |
20200512172242.0 |
| 006 |
m d |
| 007 |
cr n |
| 008 |
040713c19839999gaufr p s 0 a0eng c |
| 010 |
|
|
|a 2007228675
|
| 016 |
7 |
|
|a 2068561-0
|2 DE-600
|
| 022 |
|
|
|a 2376-5925
|y 0741-9457
|
| 035 |
|
|
|a (WaSeSS)ssj0014777
|
| 037 |
|
|
|b P.O. Box 208215, New Haven, CT 06520-8215
|
| 040 |
|
|
|a AMH
|b eng
|c AMH
|d OCLCQ
|d MUQ
|d DOS
|d HEBIS
|d DEBBG
|d OCLCQ
|d OCLCF
|d DLC
|d OCLCQ
|d YOR
|d UUM
|d WaSeSS
|
| 042 |
|
|
|a pcc
|a nsdp
|
| 043 |
|
|
|a n-us---
|
| 050 |
1 |
4 |
|a K29
|b .A37
|
| 082 |
0 |
0 |
|a 343.078
|2 23
|
| 130 |
0 |
|
|a Yale journal on regulation (Online)
|
| 222 |
|
0 |
|a Yale journal on regulation
|b (Online)
|
| 245 |
1 |
0 |
|a Yale journal on regulation
|h [electronic resource].
|
| 246 |
1 |
|
|a Yale J. on Reg
|
| 260 |
|
|
|a Atlanta, Ga. :
|b Yale Journal on Regulation,
|c ©1983-
|
| 310 |
|
|
|a Two no. a year
|
| 362 |
1 |
|
|a Began with vol. 1, no. 1 (1983).
|
| 506 |
|
|
|a License restrictions may limit access.
|
| 588 |
|
|
|a Description based on first issue; title from table of contents page (Hein Online, viewed Sept. 25, 2007).
|
| 588 |
|
|
|a Latest issue consulted: Vol. 31, no. 1 (winter 2014) (heinonline.org viewed Dec. 5, 2014).
|
| 650 |
|
0 |
|a Trade regulation
|z United States
|v Periodicals.
|
| 650 |
|
6 |
|a Commerce
|x Réglementation
|z États-Unis
|v Périodiques.
|
| 650 |
|
7 |
|a Trade regulation.
|2 fast
|0 (OCoLC)fst01153817
|
| 651 |
|
7 |
|a United States.
|2 fast
|0 (OCoLC)fst01204155
|
| 655 |
|
0 |
|a Electronic journals.
|
| 776 |
0 |
8 |
|i Print version:
|t Yale journal on regulation
|x 0741-9457
|w (DLC) 84646898
|w (OCoLC)10212254
|
| 856 |
4 |
0 |
|z Full text available from Research Library: 04/01/1997 to present
|u https://search.proquest.com/publication/31745
|